000 00472nam a22001937a 4500
003 MPLRDC
005 20220104161902.0
008 210129b ||||| |||| 00| 0 eng d
020 _a983-2403-58-8
082 _a177.2 BUF
100 _aBOB BUFORD
245 _a人生下半场
_c杨曼奴译
250 _a初版
260 _a
_b人人书楼
_c2005
300 _b
490 _a市井丛书. 1
650 _a应用心理学--成功法
942 _cBK
_o177.2 BUF
999 _c55701
_d55691